Verifica accertamento riscossione e azioni a tutela del contribuente

Detalles Bibliográficos
Autor principal: Napoli, Giuseppe
Formato: eBook
Lenguaje:español
Publicado: Roma: Cacucci Editore, 2013
Materias:
Acceso en línea:Acceso restringido

MARC

LEADER 00000nam a22000007a 4500
005 2013070805235.0
007 cr|||| ||||
008 130708s2013 mx |||||s|||| 00||0 spa d
020 |a 9788866112495 
035 |a 11388 
040 |a vLex 
090 |c 4388  |d 4388 
100 1 |a Napoli, Giuseppe 
245 1 0 |a Verifica accertamento riscossione e azioni a tutela del contribuente  |h [Recurso electrn̤ico] /  |c Giuseppe Napoli, Silvia Rocchi  
256 |a Servicio en ln̕ea 
260 |a Roma:  |b Cacucci Editore,  |c 2013 
300 |a 1 recurso electrn̤ico 
506 1 |a Contenido solo disponible en los productos indicados  |d vLex Global  |d vLex Global (Academic Edition, excluding Law Schools)  |d vLex Global (U.S. Academic Edition, Law Schools)  |d vLex Global (U.S. Academic Edition, excluding Law Schools)  |d vLex Global (Academic Edition, Law Schools) 
650 0 4 |a Fiscalidad  |z Italia 
650 0 4 |a Impuestos  |z Italia 
740 0 |a vLex Libros (Servicio en ln̕ea) 
856 4 0 |u http://vlex.com/source/verifica-accertamento-riscossione-e-azioni-a-tutela-del-contribuente-11388  |z Acceso restringido 
942 |c BOOK 
999 0 |a Taxation